LEADER 01643oam 2200445zu 450 001 996206166603316 005 20210807003532.0 035 $a(CKB)111026746736372 035 $a(SSID)ssj0000434439 035 $a(PQKBManifestationID)12145486 035 $a(PQKBTitleCode)TC0000434439 035 $a(PQKBWorkID)10396582 035 $a(PQKB)11307631 035 $a(EXLCZ)99111026746736372 100 $a20160829d1993 uy 101 0 $aeng 181 $ctxt 182 $cc 183 $acr 200 10$aSecond International Conference on the Software Process : continuous software process improvement, February 25-26, 1993, Berlin, Germany 210 31$a[Place of publication not identified]$cIEEE Computer Society Press$d1993 300 $aBibliographic Level Mode of Issuance: Monograph 311 $a0-8186-3600-9 606 $aComputer software$xCongresses 606 $aEngineering & Applied Sciences$2HILCC 606 $aComputer Science$2HILCC 615 0$aComputer software$xCongresses 615 7$aEngineering & Applied Sciences 615 7$aComputer Science 676 $a005.1 712 02$aIEEE Computer Society Software Engineering Technical Committee. 712 02$aRocky Mountain Institute of Software Engineering 712 02$aIEEE Computer Society 712 02$aACM Sigsoft 712 12$aInternational Conference on the Software Process 801 0$bPQKB 906 $aBOOK 912 $a996206166603316 996 $aSecond International Conference on the Software Process : continuous software process improvement, February 25-26, 1993, Berlin, Germany$92530578 997 $aUNISA LEADER 01151nam a2200277 a 4500 001 991001542889707536 008 120117s2004 it 000 0 ita d 020 $a884645457X 035 $ab14031140-39ule_inst 040 $aFacoltà SSPT$bita 082 0 $a362.20 100 1 $aBeneduce, Roberto$0117331 245 10$aFrontiere dell'identità e della memoria :$betnopsichiatria e migrazioni in un mondo creolo /$cRoberto Beneduce ; con un saggio di Mahfoud Boucebci 250 $aEd. riveduta e ampliata 260 $aMilano :$bAngeli,$c2004 300 $a314 p. ;$c23 cm 440 0$aScienze e salute ;$v5 650 4$aImmigrati$xAssistenza psichiatrica 700 1 $aBoucebci, Mahfoud 907 $a.b14031140$b02-04-14$c17-01-12 912 $a991001542889707536 945 $aLE021 362.20 BEN01.01$g1$i2020000036869$lle021$op$pE29.00$q-$rn$s- $t0$u0$v0$w0$x0$y.i15366431$z17-01-12 945 $aLE021 362.20 BEN01.01$g2$i2020000040286$lle021$op$pE29.00$q-$rn$s- $t0$u0$v0$w0$x0$y.i1539671x$z03-04-12 996 $aFrontiere dell'identità e della memoria$91357340 997 $aUNISALENTO 998 $ale020$b17-01-12$cm$da $e-$fita$git $h0$i0 LEADER 02191nas 2200733-a 450 001 996203209003316 005 20230404213020.0 011 $a1365-263X 035 $a(OCoLC)45554045 035 $a(CKB)954927708212 035 $a(CONSER)---00242410- 035 $a(DE-599)ZDB2009034-1 035 $a(EXLCZ)99954927708212 100 $a20001213a19919999 s-- - 101 0 $aeng 135 $aurun||||||||| 181 $ctxt$2rdacontent 182 $cc$2rdamedia 183 $acr$2rdacarrier 200 10$aInternational journal of paediatric dentistry 210 $a[Oxford, England] $cBlackwell Science 215 $a1 online resource 300 $aRefereed/Peer-reviewed 311 $a0960-7439 517 3 $aInternational journal of pediatric dentistry 531 $aINT J PAEDIATR DENT 531 $aINT. J. PAEDIATR. DENT 606 $aPedodontics$vPeriodicals 606 $aPediatric Dentistry 606 $aPédodontie$vPériodiques 606 $aPedodontics$2fast$3(OCoLC)fst01056556 606 $aKind$2gnd 606 $aZahnmedizin$2gnd 606 $aZeitschrift$2gnd 606 $aOnline-Ressource$2gnd 606 $aTandheelkunde$2gtt 606 $aKinderen$2gtt 606 $aDentisterie$2rasuqam 606 $aEnfant$2rasuqam 606 $aSoins dentaires$2rasuqam 608 $aPeriodicals.$2fast 608 $aPeriodicals.$2lcgft 608 $aPériodique électronique (Descripteur de forme)$2rasuqam 608 $aRessource Internet (Descripteur de forme)$2rasuqam 615 0$aPedodontics 615 2$aPediatric Dentistry. 615 6$aPédodontie 615 7$aPedodontics. 615 7$aKind 615 7$aZahnmedizin 615 7$aZeitschrift 615 7$aOnline-Ressource 615 17$aTandheelkunde. 615 17$aKinderen. 615 7$aDentisterie. 615 7$aEnfant. 615 7$aSoins dentaires. 676 $a617.645 712 02$aBritish Society of Paediatric Dentistry, 712 02$aInternational Association of Paediatric Dentistry, 906 $aJOURNAL 912 $a996203209003316 996 $aInternational journal of paediatric dentistry$92222399 997 $aUNISA LEADER 02211nam 2200349z- 450 001 9910326050103321 005 20181110125058.0 010 $a9788822909633 010 $a8822909631 035 $a(CKB)3830000000058671 035 $a(BIP)064380843 035 $a(Perlego)1141795 035 $a(EXLCZ)993830000000058671 100 $a20191129d2018 uy | 101 0 $aita 200 00$aArchitettura in sequenza $eProgettare lo spazio dell'esperienza 210 $cQuodlibet 215 $a1 online resource (126 p.) $cill 311 08$a9788822901880 311 08$a8822901886 330 8 $aPerche? disporre un corridoio lungo, stretto e buio prima di unampia stanza circolare e luminosa? In che modo indurre il movimento secondo un percorso preciso? Che reazioni provoca una serie di stanze in successione uguali per forma ma di colori diversi? E se a variare e? invece lutilizzo della luce? O dei materiali? La sequenza e? un metodo compositivo, e? un sistema di organizzazione di una serie di elementi secondo uno schema di senso. Questo testo si propone quale ricostruzione di un quadro generale della sequenza definita quale metodo compositivo dellarchitettura, comprendendone le potenzialita? e caratteristiche in funzione delle diverse interpretazioni di spazio, e conseguentemente di tempo. Si notera?, in questo percorso, come in relazione a diverse influenze artistiche e sociali, il concetto di sequenza sia stato modificato nel corso della storia e applicato allarchitettura con modalita? differenti. Cosi? da una prima definizione legata al mondo visuale - a partire dal cinema o dal Pittoresco - la sequenza diviene programma, movimento, e infine percezione, esperienza e narrativita?. 606 $aSpace (Architecture) 606 $aSpace (Architecture)$xPsychological aspects 606 $aArchitecture$xComposition, proportion, etc 615 0$aSpace (Architecture) 615 0$aSpace (Architecture)$xPsychological aspects. 615 0$aArchitecture$xComposition, proportion, etc. 700 $aMolinari$b Carla$c(Lecturer in architecture),$0204771 906 $aBOOK 912 $a9910326050103321 996 $aArchitettura in sequenza$92887497 997 $aUNINA LEADER 03182nam 22005295 450 001 9910483040503321 005 20220912200829.0 010 $a981-15-5538-9 024 7 $a10.1007/978-981-15-5538-1 035 $a(CKB)4100000011280841 035 $a(MiAaPQ)EBC6221643 035 $a(DE-He213)978-981-15-5538-1 035 $a(PPN)248594206 035 $a(iGPub)SPNA0067925 035 $a(EXLCZ)994100000011280841 100 $a20200605d2021 uy 0 101 0 $aeng 135 $aurcnu|||||||| 181 $ctxt$2rdacontent 182 $cc$2rdamedia 183 $acr$2rdacarrier 200 10$aVirtual equivalent system approach for stability analysis of model-based control systems /$fWeicun Zhang, Qing Li 205 $a1st edition 2021. 210 1$aSingapore :$cSpringer Singapore :$cImprint: Springer,$d2021. 215 $a1 online resource (XIII, 168 p. 100 illus., 15 illus. in color.) 311 1 $a981-15-5537-0 320 $aIncludes bibliographical references and index. 327 $aMotivation and Contents of the Monograph.-Stability and Convergence Analysis of Self-Tuning Control Systems -- Further Results On Stability and Convergence of Self-Tuning Control Systems -- Stable Weighted Multiple Model Adaptive Control: Continuous-Time Plant -- Stable Weighted Multiple Model Adaptive Control: Discrete-Time Stochastic Plant -- Further Results on Stable Weighted Multiple Model Adaptive Control: Discrete-Time Stochastic Plant -- Stability of Continuous-Time T-S Model Based Fuzzy Control Systems -- Appendix A Lemma and proofs for Chapter 2 -- Appendix B Lemma and Proofs for Chapter 4 -- Appendix C Lemma and proofs for Chapter 6 -- Appendix D Lemma and proofs for Chapter 7. 330 $aThis book puts forward the concept of a virtual equivalent system (VES) based on theoretical analysis and simulation results. The new concept will facilitate the development of a uni?ed framework for analyzing the stability and convergence of self-tuning control (STC) systems, and potentially, of all adaptive control systems. The book then shows that a time-varying STC system can be converted into a time-invariant system using a certain nonlinear compensation signal, which reduces the complexity and di?culty of stability and convergence analysis. In closing, the VES concept and methodology are used to assess the stability of multiple model adaptive control (MMAC) systems and T-S model-based fuzzy control systems. 606 $aAutomatic control 606 $aSignal processing 606 $aImage processing 606 $aSpeech processing systems 615 0$aAutomatic control. 615 0$aSignal processing. 615 0$aImage processing. 615 0$aSpeech processing systems. 676 $a629.8 700 $aZhang$b Weicun$4aut$4http://id.loc.gov/vocabulary/relators/aut$01077603 702 $aLi$b Qing$f1971-$4aut$4http://id.loc.gov/vocabulary/relators/aut 801 0$bMiAaPQ 801 1$bMiAaPQ 801 2$bMiAaPQ 906 $aBOOK 912 $a9910483040503321 996 $aVirtual Equivalent System Approach for Stability Analysis of Model-based Control Systems$92853186 997 $aUNINA